Interdisciplinary Works in Logic, Epistemology, Psychology and Linguistics : Dialogue, Rationality, and Formalism /

Obra en que comparan las teorías recientes sobre formalización del lenguaje natural con los conceptos informales de interacción, provenientes tanto de la psicología como de la epistemología. Parte de la reevaluación de conceptos históricos desde un punto de vista pragmático, para después ofrecer un...

詳細記述

保存先:
書誌詳細
その他の著者: Rebuschi, Manuel (edición) (edición)
フォーマット: 図書
言語:英語
出版事項: Cham, Suiza : Springer, 2014, c2014
シリーズ:(Logic, Argumentation and Reasoning ; 3)
主題:
オンライン・アクセス:Ver documento en línea
タグ: タグ追加
タグなし, このレコードへの初めてのタグを付けませんか!

MARC

LEADER 00000nam^a2200000^a^4500
001 000420383
005 20251023000000.0
009 20260310122508.993
020 |a 978-3-319-03044-9 
037 |a Acervo ITESO - Biblioteca 
041 |a ING 
082 |a 101.  |b INT 
245 0 0 |a Interdisciplinary Works in Logic, Epistemology, Psychology and Linguistics :  |b Dialogue, Rationality, and Formalism /  |c Ed. de M. Rebuschi… [et al.]: 
264 4 |a Cham, Suiza :  |b Springer,  |c 2014, c2014 
264 2 |a Cham, Suiza :  |b Springer Link [distribución],  |c 2014 
300 |a 1 libro electrónico en línea (VIII, 372 p.) 
300 |a 1 recurso en línea 
336 |a datos para computadora  |b cod  |2 rdacontenido 
337 |a computadora  |b c  |2 rdamedio 
338 |a recurso en línea  |b cr  |2 rdasoporte 
440 1 |a (Logic, Argumentation and Reasoning ;  |v 3) 
506 0 |a Licencias ilimitadas 
520 |a Obra en que comparan las teorías recientes sobre formalización del lenguaje natural con los conceptos informales de interacción, provenientes tanto de la psicología como de la epistemología. Parte de la reevaluación de conceptos históricos desde un punto de vista pragmático, para después ofrecer un acercamiento al conocimiento desde la epistemología formal. Más adelante examina el vínculo entre la lógica y las ciencias sociales y humanas y, finalmente, entre la lingüística y la psicología. 
649 |a XX 
650 |a Razonamiento Lógico -  |x Tema Principal 
650 |a Lógica Formal 
650 |a Lenguaje -  |x Tema Principal 
650 |a Semántica 
650 |a Psicolingüística 
650 |a Lingüística 
650 |a Epistemología -  |x Tema Principal 
650 |a Filosofía del Conocimiento 
650 |a Filosofía -  |x Teoría 
700 |a Rebuschi, Manuel  |e (edición) 
856 4 0 |u https://link-springer-com.ezproxy.iteso.mx/10.1007/978-3-319-03044-9  |y Ver documento en línea 
910 |a Fondo General 
920 |a Electrónicos - Libros en Línea 
930 |a Plataforma Digital 
905 |a 205 
901 |a 420383-1  |b IT2  |c EBO  |i C172346  |u 20250521 
902 |a https://opac.biblio.iteso.mx/vufind/Record/000420383